Communication and Educational Technology: (Record no. 187739)

MARC details
000 -LEADER
fixed length control field 00655nam a22001817a 4500
005 - DATE AND TIME OF LATEST TRANSACTION
control field 20220428153323.0
010 ## - LCCN (DPL NO)
LC control number ENG-132449
020 ## - INTERNATIONAL STANDARD BOOK NUMBER
Terms of availability 325.00
035 ## - SYSTEM CONTROL NUMBER
System control number EN-115981
037 ## - SOURCE OF ACQUISITION
Source of stock number/acquisition DBAD/PUB
082 ## - DEWEY DECIMAL CLASSIFICATION NUMBER
Classification number 610.7
100 ## - MAIN ENTRY--PERSONAL NAME
Personal name Gnanaprasuna, G.
245 ## - TITLE STATEMENT
Title Communication and Educational Technology:
Remainder of title Second year B.sc Nursing/
Statement of responsibility, etc G.Gnanaprasuna
260 ## - PUBLICATION, DISTRIBUTION, ETC. (IMPRINT)
Place of publication, distribution, etc Vijayawada
Name of publisher, distributor, etc Vijayam Publications
Date of publication, distribution, etc 2019
270 ## - ADDRESS
Address #29-2-28,Ramamandiram St,Governerpet,Eluru Road,Vijaywada-2,A.P.
City Vijayawada
Postal code 517502
Telephone number 0866-2432445
Electronic mail address vijayampublicationtriupati@gmail.com
300 ## - PHYSICAL DESCRIPTION
Extent 10.4vp.
Dimensions 24.cm.(pbk)
Other physical details Index
942 ## - ADDED ENTRY ELEMENTS (KOHA)
Item type English Books
Classification part 610.7
Source of classification or shelving scheme Dewey Decimal Classification
Call number suffix GNA
Holdings
Withdrawn status Lost status Not for loan Collection code Home library Current library Date acquired Source of acquisition Cost, normal purchase price Full call number Barcode Copy number Cost, replacement price Koha item type
      Non-fiction Patel Nagar Patel Nagar 28/04/2022 DBAD/PUB 325.00 610.7 GNA EN-115981 1 325.00 English Books

© Delhi Public Library
Hit Counter
free hit counter